000 00641nam a2200205Ia 4500
008 140529s9999 xx 000 0 und d
020 _a9789812532641
050 _aQP 36
_b.T638 2007
100 _aTortora, Gerard J.
245 _aIntroduction to the human body :
_bthe essentials of anatomy and the physiology / 
_cGerard J. Tortora, Bryan Derrickson
250 _a7th ed.
260 _aNew York :
_bJohn Wiley,
_cc2007.
300 _a611 p. :
_bill. ;
_c26 cm.
500 _aIncludes glossary and index.
521 _aGE
650 _aHuman physiology.
650 _aPhysiology.
942 _kFOR
_cBK
999 _c117659
_d117659